书目信息 |
| 题名: |
二手设备拆卸与安装工艺
|
|
| 作者: | 晏文华 编著 | |
| 分册: | ||
| 出版信息: | 北京 机械工业出版社 2004.9 |
|
| 页数: | 121页 | |
| 开本: | 21cm | |
| 丛书名: | ||
| 单 册: | ||
| 中图分类: | TU8 | |
| 科图分类: | ||
| 主题词: | 房屋建筑设备--fang wu jian zhu she bei , 设备安装--she bei an zhuang , 房屋建筑设备--fang wu jian zhu she bei--设备安装 | |
| 电子资源: | ||
| ISBN: | 7-111-15058-9 | |
| 000 | 01137nam0 2200325 450 | |
| 000 | 01166nam0 2200325 450 | |
| 000 | 01129nam0 2200313 450 | |
| 000 | 01112nam0 2200313 450 | |
| 000 | 01075nam0 2200301 450 | |
| 001 | CAL 012006097309 | |
| 005 | 20061026161802.43 | |
| 010 | @a7-111-15058-9@dCNY10.00 | |
| 099 | @aCAL 012006097309 | |
| 100 | @a20060830d2004 em y0chiy0120 ea | |
| 101 | 0 | @achi |
| 102 | @aCN@b110000 | |
| 105 | @aa a 000yy | |
| 200 | 1 | @a二手设备拆卸与安装工艺@Aer shou she bei chai xie yu an zhuang gong yi@f晏文华编著 |
| 210 | @a北京@c机械工业出版社@d2004.9 | |
| 215 | @a121页@c图@d21cm | |
| 320 | @a有书目 | |
| 330 | @a本书对二手设备拆装工艺进行了系统详细的介绍, 并突出说明其特点和注意事项, 内容包括: 二手设备拆装施工组织管理, 设备及其部件的拆御工艺要点, 设备的包装等。 | |
| 333 | @a阅读对象: 设备安装工程管理人员等 | |
| 606 | 0 | @a房屋建筑设备@Afang wu jian zhu she bei |
| 606 | 0 | @a设备安装@Ashe bei an zhuang |
| 606 | 0 | @a房屋建筑设备@Afang wu jian zhu she bei@x设备安装 |
| 690 | @aTU8@v4 | |
| 701 | 0 | @a晏文华@Ayan wen hua@4编著 |
| 801 | 0 | @aCN@c20061026 |
| 905 | @a10447@dTU8@eY120 | |
| 二手设备拆卸与安装工艺/晏文华编著.-北京:机械工业出版社,2004.9 |
| 121页:图;21cm |
| 使用对象:阅读对象: 设备安装工程管理人员等 |
| ISBN 7-111-15058-9:CNY10.00 |
| 本书对二手设备拆装工艺进行了系统详细的介绍, 并突出说明其特点和注意事项, 内容包括: 二手设备拆装施工组织管理, 设备及其部件的拆御工艺要点, 设备的包装等。 |
| ● |
| 相关链接 |
|
|
|
正题名:二手设备拆卸与安装工艺
索取号:TU8/Y120
 
预约/预借
| 序号 | 登录号 | 条形码 | 馆藏地/架位号 | 状态 | 备注 |
| 1 | 630190 | 206301900 | 建筑库201/201建筑库 49排1列2层/ [索取号:TU8/Y120] | 在馆 | |
| 2 | 630191 | 206301919 | 建筑库201/201建筑库 49排1列2层/ [索取号:TU8/Y120] | 在馆 | |
| 3 | 630192 | 206301928 | 建筑库201/201建筑库 49排1列2层/ [索取号:TU8/Y120] | 在馆 |